[Event "Tata Steel 2025"]
[Site "Wijk aan Zee"]
[Date "26.01.2025"]
[Round "8"]
[White "Keymer, Vincent"]
[Black "Caruana, Fabiano"]
[Result "0-1"]
[WhiteElo "2733"]
[BlackElo "2803"]
[EventDate "2025.01.18"]

1. d4 d5 2. c4 e6 3. Nc3 Nf6 4. cxd5 exd5 5. Bg5 Be7 6. e3 c6 7. Bd3 Nbd7
8. Nge2 Nf8 9. Qc2 Ne6 10. Bh4 g6 11. Rd1 O-O 12. O-O a5 13. Nc1 Ng7 14. f3
Be6 15. N1e2 Rc8 16. Kh1 Nd7 17. Bf2 b5 18. Nf4 Nb6 19. e4 Bg5 20. Be3 dxe4
21. fxe4 Bg4 22. Nce2 f5 23. exf5 Nxf5 24. Qb3+ Nc4 25. Bxc4+ bxc4 26.
Qxc4+ Rf7 27. Bc1 Qe7 28. Rde1 Bh4 29. Ng3 Qb4 30. Qxb4 axb4 31. Nxf5 Bxf5
32. g3 Bf6 33. d5 Bd7 34. Nd3 cxd5 35. Nxb4 Bb5 36. Rf4 Re7 37. Bd2 Rxe1+
38. Bxe1 Be5 39. Bc3 Bxf4 40. gxf4 Kf7 41. Nc2 Bc4 42. a3 Re8 43. Nd4 Re4
44. f5 gxf5 45. Kg2 Rf4 46. a4 Ke8 47. a5 Kd7 48. h3 Rf1 49. Nf3 Ba6 50. h4
h5 51. b4 f4 52. Nd4 Bc4 53. Bb2 Rb1 54. Bc3 Rd1 55. Nf3 d4 56. Bb2 Bd5 57.
Kf2 d3 58. Bc3 Bxf3 59. Kxf3 d2 60. Ke2 f3+ 0-1

[Event "Tata Steel 2025"]
[Site "Wijk aan Zee"]
[Date "26.01.2025"]
[Round "8"]
[White "Mendonca, Leon Luke"]
[Black "Van Foreest, Jorden"]
[Result "1/2-1/2"]
[WhiteElo "2639"]
[BlackElo "2680"]
[EventDate "2025.01.18"]

1. d4 Nf6 2. c4 g6 3. Nc3 d5 4. cxd5 Nxd5 5. e4 Nxc3 6. bxc3 Bg7 7. Qa4+
Nd7 8. Nf3 O-O 9. Bg5 c5 10. Rc1 h6 11. Be3 Nf6 12. Bd3 Ng4 13. Bd2 e5 14.
d5 f5 15. O-O Nf6 16. Nxe5 fxe4 17. Be2 Qe8 18. Qxe8 Rxe8 19. Nxg6 Nxd5 20.
Nf4 Nxf4 21. Bxf4 Be6 22. a4 b6 23. Bb5 Rf8 24. g3 Rad8 25. Rfe1 Bf5 26.
Bc6 Rd3 27. c4 Rd4 28. Be3 Rd3 29. Bf4 Rd4 30. Be3 Rd3 1/2-1/2

[Event "Tata Steel 2025"]
[Site "Wijk aan Zee"]
[Date "28.01.2025"]
[Round "9"]
[White "Van Foreest, Jorden"]
[Black "Warmerdam, Max"]
[Result "1/2-1/2"]
[WhiteElo "2680"]
[BlackElo "2646"]
[EventDate "2025.01.18"]

1. d4 d5 2. c4 e6 3. Nf3 Nf6 4. Nc3 Nbd7 5. Qc2 dxc4 6. e4 c5 7. dxc5 Bxc5
8. Bxc4 a6 9. O-O Qc7 10. Qe2 Bd6 11. Rd1 Ng4 12. h3 Nge5 13. Bb3 Nxf3+ 14.
Qxf3 O-O 15. Be3 Bh2+ 16. Kh1 Be5 17. Rac1 Qb8 18. Qg4 Nf6 19. Qh4 b5 20.
f4 Bxc3 21. Rxc3 Bb7 22. Bd4 Nxe4 23. Be5 Nxc3 24. bxc3 Qe8 25. Bxg7 Kxg7
26. Qg5+ Kh8 27. Qf6+ Kg8 28. Qg5+ Kh8 29. Qf6+ Kg8 30. Qg5+ 1/2-1/2

[Event "Tata Steel 2025"]
[Site "Wijk aan Zee"]
[Date "28.01.2025"]
[Round "9"]
[White "Sarana, Alexey"]
[Black "Keymer, Vincent"]
[Result "1/2-1/2"]
[WhiteElo "2677"]
[BlackElo "2733"]
[EventDate "2025.01.18"]

1. d4 Nf6 2. c4 e6 3. Nc3 Bb4 4. Nf3 O-O 5. Bg5 c5 6. e3 cxd4 7. Qxd4 Nc6
8. Qd3 Qa5 9. Bxf6 gxf6 10. Be2 Bxc3+ 11. bxc3 b6 12. O-O Rd8 13. Nd2 Ba6
14. e4 Kh8 15. Nb3 Qa3 16. f4 Rac8 17. Rf3 Qe7 18. Qe3 Rg8 19. Rd1 Nd8 20.
c5 Bxe2 21. Qxe2 bxc5 22. Na5 Nc6 23. Nc4 d5 24. exd5 exd5 25. Qxe7 Nxe7
26. Nd6 Rc6 27. Re3 Rxd6 28. Rxe7 Kg7 29. Rxa7 Rb8 30. Ra5 Rb2 31. Rd3 c4
32. Rg3+ Kf8 33. f5 Rd8 34. h3 Rd2 35. Re3 Rc8 36. Kh2 h5 37. a4 h4 38. Rb5
Kg7 39. Rb7 Rg8 40. Rbe7 Rc2 41. Re2 Rxc3 42. Rd2 Rd8 43. Rd4 Rc2 44. Rg4+
Kf8 45. Rc7 d4 1/2-1/2

[Event "Tata Steel 2025"]
[Site "Wijk aan Zee"]
[Date "28.01.2025"]
[Round "9"]
[White "Gukesh, Dommaraju"]
[Black "Mendonca, Leon Luke"]
[Result "1-0"]
[WhiteElo "2777"]
[BlackElo "2639"]
[EventDate "2025.01.18"]

1. e4 e5 2. Nf3 Nc6 3. Bb5 a6 4. Ba4 Nf6 5. O-O b5 6. Bb3 Bc5 7. a4 Rb8 8.
d3 d6 9. Bg5 h6 10. Bh4 g5 11. Bg3 O-O 12. c3 Bb6 13. Na3 Ne7 14. Nc2 Ng6
15. Ne3 Bxe3 16. fxe3 Kg7 17. Bc2 c5 18. axb5 axb5 19. b4 cxb4 20. cxb4 Qe7
21. Ra5 Bd7 22. d4 Bc6 23. Qa1 Rfe8 24. Bb3 Ra8 25. Nd2 Rf8 26. Bc2 Nh5 27.
Be1 Nf6 28. Rf5 Rxa5 29. bxa5 Re8 30. d5 Bd7 31. Rf2 Bc8 32. Nf1 Qa7 33.
Qa3 Rd8 34. Bb4 Ne8 35. Ng3 Ne7 36. Bd1 Ng8 37. Be2 Qb7 38. Bd3 Ngf6 39.
Rc2 Bd7 40. Bxd6 Nxd6 41. Qxd6 Qa7 42. Qxe5 Qxe3+ 43. Rf2 1-0

[Event "Tata Steel 2025"]
[Site "Wijk aan Zee"]
[Date "28.01.2025"]
[Round "9"]
[White "Caruana, Fabiano"]
[Black "Abdusattorov, Nodirbek"]
[Result "1/2-1/2"]
[WhiteElo "2803"]
[BlackElo "2768"]
[EventDate "2025.01.18"]

1. d4 d5 2. Nf3 Nf6 3. c3 a5 4. Bf4 Bf5 5. Nbd2 h6 6. e3 e6 7. Qb3 Ra7 8.
a4 Be7 9. Be2 Nbd7 10. h3 O-O 11. O-O c6 12. Rfc1 Ne4 13. Nxe4 Bxe4 14. Qd1
Bxf3 15. Bxf3 Nf6 16. Rab1 Bd6 17. Bxd6 Qxd6 18. b4 axb4 19. Rxb4 Qe7 20.
Qb3 Ne8 21. c4 dxc4 22. Qxc4 Nd6 23. Qd3 Rfa8 24. Bd1 Ra5 25. Rcb1 g6 26.
Bc2 Rd8 27. Qc3 Rd7 28. e4 Ra8 29. Qc5 Rad8 30. Bd3 Qg5 31. Qxg5 hxg5 32.
f3 Kg7 1/2-1/2

[Event "Tata Steel 2025"]
[Site "Wijk aan Zee"]
[Date "28.01.2025"]
[Round "9"]
[White "Giri, Anish"]
[Black "Praggnanandhaa, Rameshbabu"]
[Result "1-0"]
[WhiteElo "2731"]
[BlackElo "2741"]
[EventDate "2025.01.18"]

1. d4 Nf6 2. c4 e6 3. Nf3 d5 4. g3 Bb4+ 5. Bd2 a5 6. Bg2 O-O 7. Qc1 Be7 8.
O-O c6 9. Rd1 Nbd7 10. Bf4 a4 11. Qc2 h6 12. a3 Qa5 13. Nbd2 Nh5 14. Be3
Bd6 15. Rac1 b5 16. c5 Bb8 17. Ne1 e5 18. Nd3 Nhf6 19. Nb4 Bb7 20. dxe5
Bxe5 21. Nf3 Rfe8 22. Nxe5 Rxe5 23. Bd4 Re7 24. e3 Qc7 25. Qc3 Ne5 26. f4
Ned7 27. Nxd5 Nxd5 28. Bxd5 cxd5 29. c6 f6 30. cxb7 Qxb7 31. Qc7 Nf8 32.
Qxb7 Rxb7 33. Bc3 Rd8 34. Ba5 Re8 35. Kf2 Rd7 36. Rc5 Rde7 37. Rc3 Rd7 38.
Rcd3 Ra8 39. Bb4 Rad8 40. Ba5 Ra8 41. Bb4 Rad8 42. Rc1 d4 43. e4 g5 44. Kf3
Re8 45. h4 Ne6 46. f5 Nd8 47. Rc8 g4+ 48. Kf4 h5 49. Bc5 Rb7 50. Rxd4 Ne6+
51. fxe6 Rxc8 52. Rd5 Rbc7 53. e7 Re8 54. Rxh5 Kf7 55. Kxg4 Ke6 56. Rd5
Rcc8 57. Kf4 Rh8 58. h5 Rhg8 59. g4 Rce8 60. Rf5 Rc8 61. Bd4 Kxe7 62. Bxf6+
Ke6 63. h6 1-0

[Event "Tata Steel 2025"]
[Site "Wijk aan Zee"]
[Date "28.01.2025"]
[Round "9"]
[White "Fedoseev, Vladimir"]
[Black "Harikrishna, Pentala"]
[Result "1-0"]
[WhiteElo "2717"]
[BlackElo "2695"]
[EventDate "2025.01.18"]

1. d4 Nf6 2. c3 d5 3. Bf4 c6 4. h3 Bf5 5. Nd2 e6 6. Ngf3 Bd6 7. Ne5 Qc7 8.
g4 Bg6 9. e3 Nbd7 10. Nxg6 hxg6 11. Bxd6 Qxd6 12. Qe2 b5 13. g5 Ng8 14. h4
Ne7 15. Qf3 Rh5 16. Be2 Nb6 17. e4 Nc4 18. a4 Nxd2 19. Kxd2 b4 20. e5 Qb8
21. cxb4 Qxb4+ 22. Qc3 Rb8 23. Bxh5 gxh5 24. Kc2 Nf5 25. Rhd1 Nxh4 26. Ra3
Nf5 27. Qxc6+ Kd8 28. Rc3 Qxb2+ 29. Kd3 Ne7 30. Qc7+ Ke8 31. Rdc1 Rd8 32.
Ke3 g6 33. a5 Rd7 34. Qc5 Rb7 35. a6 Rd7 36. Qa3 Qb6 37. Qa4 Nf5+ 38. Kd3
Kf8 39. Rb3 Qd8 40. Rb7 Re7 41. Qb4 1-0

[Event "Tata Steel 2025"]
[Site "Wijk aan Zee"]
[Date "28.01.2025"]
[Round "9"]
[White "Wei Yi"]
[Black "Erigaisi, Arjun"]
[Result "1/2-1/2"]
[WhiteElo "2751"]
[BlackElo "2801"]
[EventDate "2025.01.18"]

1. e4 e5 2. Nf3 Nc6 3. Bb5 a6 4. Ba4 Nf6 5. O-O Be7 6. Re1 b5 7. Bb3 O-O 8.
c3 d5 9. exd5 Nxd5 10. Nxe5 Nxe5 11. Rxe5 Bb7 12. d4 Bf6 13. Re1 Re8 14.
Na3 b4 15. Nc4 bxc3 16. Ne5 Qd6 17. f4 cxb2 18. Bxb2 a5 19. a4 Re7 20. Ba3
Nb4 21. Rc1 Rd8 22. Rc5 Qxd4+ 23. Qxd4 Rxd4 24. g3 Rd2 25. Rd1 Rxd1+ 26.
Bxd1 Bxe5 27. fxe5 Rd7 28. Be2 Rd2 29. Rxc7 Rxe2 30. Rxb7 Kf8 31. Bxb4+
axb4 32. Rxb4 Ra2 1/2-1/2

[Event "Tata Steel 2025"]
[Site "Wijk aan Zee"]
[Date "29.01.2025"]
[Round "10"]
[White "Erigaisi, Arjun"]
[Black "Keymer, Vincent"]
[Result "1/2-1/2"]
[WhiteElo "2801"]
[BlackElo "2733"]
[EventDate "2025.01.18"]

1. e4 e5 2. Nf3 Nc6 3. Bb5 a6 4. Ba4 Nf6 5. O-O Be7 6. Re1 b5 7. Bb3 O-O 8.
h3 Bb7 9. d3 d5 10. exd5 Nxd5 11. Nbd2 Nd4 12. Nxe5 c5 13. c3 Nxb3 14. axb3
Re8 15. Ndf3 Bd6 16. d4 Qc7 17. Bd2 f6 18. Nd3 c4 19. bxc4 bxc4 20. Nc5
Bxc5 21. dxc5 Qxc5 22. Nd4 Rxe1+ 23. Qxe1 Nc7 24. Qe2 Re8 25. Qg4 Bc8 26.
Qg3 Nb5 27. Be3 Qd5 28. Nc2 Nd6 29. Nb4 Qe6 30. Qf4 g5 31. Qg4 Nf5 32. Bd2
Qf7 33. Re1 Rxe1+ 34. Bxe1 Qe6 35. Bd2 Bb7 36. Nc2 Qe4 37. Qxe4 Bxe4 38.
Ne3 Nxe3 1/2-1/2

[Event "Tata Steel 2025"]
[Site "Wijk aan Zee"]
[Date "29.01.2025"]
[Round "10"]
[White "Harikrishna, Pentala"]
[Black "Caruana, Fabiano"]
[Result "1/2-1/2"]
[WhiteElo "2695"]
[BlackElo "2803"]
[EventDate "2025.01.18"]

1. e4 c5 2. Nf3 d6 3. Nc3 a6 4. d4 cxd4 5. Qxd4 Nc6 6. Qe3 g6 7. Be2 Bh6 8.
Qd3 Bg7 9. O-O Bg4 10. Bg5 h6 11. Be3 Rc8 12. Qd2 Bxc3 13. Qxc3 Nf6 14. Qb3
Qd7 15. h3 Be6 16. Qc3 g5 17. Rad1 g4 18. hxg4 Bxg4 19. Bf4 Rg8 20. Qe3 Qe6
21. Rfe1 Nb4 22. Nd4 Nxc2 23. Nxe6 Nxe3 24. Bxe3 Bxe6 25. f3 Bxa2 26. Rc1
Kd7 27. Bxh6 d5 28. e5 Rxc1 29. Rxc1 Ne8 30. Be3 Nc7 31. f4 e6 32. Kf2 Bc4
33. Bxc4 dxc4 34. Rxc4 Nd5 35. Bd2 b5 36. Rc1 b4 37. Ra1 Ra8 38. Ra5 Kc6
39. Be3 Nxe3 40. Kxe3 Kb6 41. Ra1 a5 42. g4 Kb5 43. b3 a4 44. bxa4+ Rxa4
45. Rb1 Ra3+ 46. Kd2 Rg3 47. g5 b3 48. Rh1 Kc4 49. Rh8 Rg1 50. Rc8+ Kd4 51.
Rd8+ Kc4 52. Rc8+ Kd4 53. Rd8+ Ke4 54. Kc3 Rg4 55. Kxb3 Rxf4 56. Rg8 Kxe5
57. Kc3 Ra4 58. Rg7 Ra3+ 59. Kd2 Ra7 60. Kc3 Ra3+ 61. Kd2 Ra2+ 62. Kd3 Rf2
63. Ke3 Rf1 64. Ke2 Rf5 65. Ke3 Kd6 66. Ke4 Rf1 67. Rh7 Rf5 68. Rg7 Ke7
1/2-1/2

[Event "Tata Steel 2025"]
[Site "Wijk aan Zee"]
[Date "29.01.2025"]
[Round "10"]
[White "Praggnanandhaa, Rameshbabu"]
[Black "Fedoseev, Vladimir"]
[Result "1-0"]
[WhiteElo "2741"]
[BlackElo "2717"]
[EventDate "2025.01.18"]

1. d4 d5 2. c4 e6 3. Nc3 c5 4. cxd5 exd5 5. Nf3 Nf6 6. Bg5 Be6 7. e3 c4 8.
Bxf6 gxf6 9. g3 Bb4 10. Bg2 Nc6 11. O-O O-O 12. Ne2 Rc8 13. Nh4 Kh8 14. a3
Be7 15. e4 Rg8 16. Re1 Bf8 17. Qc2 b5 18. Rad1 Ne7 19. Nc3 a6 20. exd5 Nxd5
21. Be4 Nf4 22. Bxh7 Rg5 23. Be4 Qd7 24. Kh1 Rh5 25. Bf3 Rh6 26. d5 Bh3 27.
Be4 Rh5 28. Ne2 Nxe2 29. Qxe2 Re5 30. f4 Bg4 31. Qf1 Rh5 32. Bf3 c3 33.
bxc3 Rxc3 34. Bxg4 Qxg4 35. Qe2 Qxe2 36. Rxe2 Bd6 37. Re8+ Kh7 38. Rd8 Bxf4
39. d6 Bxg3 40. d7 Rxh4 41. Rc8 Rxh2+ 42. Kg1 Rxa3 43. d8=Q Be5 44. Qg8+
Kh6 45. Qf8+ 1-0

[Event "Tata Steel 2025"]
[Site "Wijk aan Zee"]
[Date "29.01.2025"]
[Round "10"]
[White "Warmerdam, Max"]
[Black "Gukesh, Dommaraju"]
[Result "0-1"]
[WhiteElo "2646"]
[BlackElo "2777"]
[EventDate "2025.01.18"]

1. e4 d6 2. g3 c5 3. Bg2 g6 4. c3 Bg7 5. Ne2 Nc6 6. d4 cxd4 7. cxd4 Nf6 8.
Nbc3 O-O 9. h3 Bd7 10. O-O Rb8 11. Be3 b5 12. b3 b4 13. Na4 e6 14. Nb2 a5
15. a4 bxa3 16. Rxa3 Nb4 17. Nc3 Bb5 18. Re1 d5 19. e5 Nd7 20. Qd2 Ba6 21.
Rc1 Rc8 22. Raa1 Qb6 23. Nca4 Qb8 24. Bf1 Bxf1 25. Kxf1 f6 26. exf6 Nxf6
27. Rxc8 Qxc8 28. Rc1 Ne4 29. Qd1 Qb8 30. Kg1 Nxg3 31. Nc5 Nf5 32. Qg4 Qe8
33. Nbd3 Nc6 34. Nf4 Bxd4 0-1

[Event "Tata Steel 2025"]
[Site "Wijk aan Zee"]
[Date "29.01.2025"]
[Round "10"]
[White "Abdusattorov, Nodirbek"]
[Black "Sarana, Alexey"]
[Result "1-0"]
[WhiteElo "2768"]
[BlackElo "2677"]
[EventDate "2025.01.18"]

1. e4 c5 2. Nf3 d6 3. d4 cxd4 4. Nxd4 Nf6 5. Nc3 a6 6. Nb3 e6 7. g4 b5 8.
a3 Bb7 9. Bg2 Nc6 10. g5 Nd7 11. h4 Rc8 12. Qe2 Be7 13. f4 h6 14. O-O hxg5
15. hxg5 Nb6 16. a4 Nc4 17. axb5 axb5 18. Qf2 b4 19. Nd1 Ra8 20. Rxa8 Qxa8
21. Nd2 Nxd2 22. Bxd2 Bd8 23. b3 Qa5 24. Be3 Ba6 25. Re1 e5 26. Qd2 Bc7 27.
f5 Nd4 28. Bf2 Rh5 29. g6 Bd8 30. gxf7+ Kxf7 31. Ne3 Bg5 32. Qd1 Rh8 33.
Qg4 Qd8 34. Nd5 Rh6 35. Bxd4 exd4 36. e5 dxe5 37. Rxe5 Qd6 38. Qxd4 Bf6 39.
Qa7+ Kf8 40. Nxf6 Qd1+ 41. Kf2 Qxc2+ 42. Kg3 Rxf6 43. Bd5 Qd3+ 44. Re3 Rg6+
45. Kf4 Qf1+ 46. Bf3 Rg4+ 47. Kxg4 Qg1+ 48. Kf4 Qh2+ 49. Ke4 Qh4+ 50. Kd5
Qd8+ 51. Kc6 1-0

[Event "Tata Steel 2025"]
[Site "Wijk aan Zee"]
[Date "29.01.2025"]
[Round "10"]
[White "Wei Yi"]
[Black "Van Foreest, Jorden"]
[Result "1/2-1/2"]
[WhiteElo "2751"]
[BlackElo "2680"]
[EventDate "2025.01.18"]

1. e4 e5 2. Nf3 Nc6 3. Bc4 Nf6 4. d3 Be7 5. Nc3 d6 6. a3 Bg4 7. h3 Bxf3 8.
Qxf3 Nd4 9. Qd1 c6 10. O-O O-O 11. Ne2 Ne6 12. Ng3 d5 13. Ba2 Bc5 14. Bd2
a5 15. Bc3 Nd4 16. Bd2 Ne6 17. Bc3 Nd4 18. Re1 Re8 19. Bd2 Ne6 20. Qf3 Nd4
21. Qd1 Ne6 22. Qf3 Nd4 23. Qd1 1/2-1/2

[Event "Tata Steel 2025"]
[Site "Wijk aan Zee"]
[Date "29.01.2025"]
[Round "10"]
[White "Mendonca, Leon Luke"]
[Black "Giri, Anish"]
[Result "1/2-1/2"]
[WhiteElo "2639"]
[BlackElo "2731"]
[EventDate "2025.01.18"]

1. d4 Nf6 2. Nf3 d5 3. c4 c6 4. e3 Bf5 5. Nc3 e6 6. Nh4 Be4 7. f3 Bg6 8.
Bd2 Be7 9. Nxg6 hxg6 10. Qc2 dxc4 11. Bxc4 Nd5 12. Kf2 a6 13. Rad1 Nd7 14.
g3 Rc8 15. Kg2 O-O 16. Be2 c5 17. Nxd5 exd5 18. Qb3 Qb6 19. Qxb6 Nxb6 20.
dxc5 Rxc5 21. Rc1 Nc4 22. Bxc4 dxc4 23. Bb4 Rc7 24. Bxe7 Rxe7 25. Rxc4 Rxe3
26. Rf1 Rd8 27. Rf2 Red3 28. Re2 f6 29. h4 Kf7 30. Kf2 R3d4 1/2-1/2

[Event "Tata Steel 2025"]
[Site "Wijk aan Zee"]
[Date "31.01.2025"]
[Round "11"]
[White "Giri, Anish"]
[Black "Warmerdam, Max"]
[Result "1-0"]
[WhiteElo "2731"]
[BlackElo "2646"]
[EventDate "2025.01.18"]

1. e4 e5 2. Nf3 Nc6 3. Bc4 Nf6 4. d3 Bc5 5. Nc3 h6 6. O-O d6 7. Na4 Bb6 8.
a3 Bg4 9. c3 Bh5 10. Nxb6 axb6 11. Qe2 Qd7 12. Qe3 O-O 13. h3 d5 14. exd5
Nxd5 15. Nxe5 Qd6 16. Bxd5 Qxd5 17. Nxc6 Qxc6 18. Qe4 Rfe8 19. Qxc6 bxc6
20. Bf4 Re2 21. b4 b5 22. Bxc7 Rc2 23. Be5 Be2 24. Rfe1 Bxd3 25. Re3 Bg6
26. Bd4 Kh7 27. Re7 Ra6 28. g4 Kg8 29. Re8+ Kh7 30. Rf8 Re2 31. f4 f5 32.
gxf5 Bh5 33. Rc8 Bf3 34. Rc7 Rg2+ 35. Kf1 Kg8 36. Re1 Rxa3 37. f6 Bd5 38.
f7+ 1-0

[Event "Tata Steel 2025"]
[Site "Wijk aan Zee"]
[Date "31.01.2025"]
[Round "11"]
[White "Keymer, Vincent"]
[Black "Abdusattorov, Nodirbek"]
[Result "1/2-1/2"]
[WhiteElo "2733"]
[BlackElo "2768"]
[EventDate "2025.01.18"]

1. e4 c6 2. d4 d5 3. exd5 cxd5 4. Bd3 Nf6 5. h3 Nc6 6. Nf3 Nb4 7. Ne5 Nxd3+
8. Qxd3 e6 9. Nc3 Bd7 10. O-O Rc8 11. Re1 Be7 12. Bg5 O-O 13. a4 Be8 14. a5
a6 15. Qd2 Qc7 16. Re3 Kh8 17. Nd3 Bb5 18. Ne5 Be8 19. Rf3 Ng8 20. Bf4 Qd8
21. Nd3 Nf6 22. Nc5 Bc6 23. b4 Ne4 24. N3xe4 dxe4 25. Rg3 Qd5 26. Re1 Qf5
27. c3 f6 28. h4 e5 29. dxe5 Rcd8 30. Qe3 Bxc5 31. bxc5 Rd3 32. Qc1 fxe5
33. Bxe5 Qxf2+ 34. Kh2 Rxg3 35. Bxg3 Qxc5 36. Bc7 Rf7 37. Qd2 h6 38. Bb6
Qe7 39. Qd8+ Qxd8 40. Bxd8 Rf2 41. Bb6 Ra2 42. h5 e3 43. Rxe3 Rxg2+ 44. Kh3
Kg8 45. Bd4 Rg1 46. Re7 Rg5 47. Kh4 Kf8 48. Rc7 Be4 49. Bb6 Kg8 50. Rc8+
Kh7 51. Rc7 Bf3 52. Bd4 Bxh5 53. Rxb7 Be2 54. Re7 Bf1 55. Rf7 Bc4 56. Re7
Bd3 57. Kh3 Bf5+ 58. Kh2 Rg4 59. Rc7 Bd3 60. Rc5 Bb5 61. Kh3 Rg6 62. Rc7
Bf1+ 63. Kh4 Bd3 64. Kh3 h5 65. Rc5 Be2 66. Re5 Bf3 67. Re3 Bd1 68. Re1
Bg4+ 69. Kh4 Kg8 70. Re5 Rd6 71. Re7 Rg6 72. Re5 Rc6 73. Re7 g6 74. Rb7 Re6
75. Kg5 Bf5 76. Rb6 Kf7 77. Rxe6 Kxe6 1/2-1/2

[Event "Tata Steel 2025"]
[Site "Wijk aan Zee"]
[Date "31.01.2025"]
[Round "11"]
[White "Gukesh, Dommaraju"]
[Black "Wei Yi"]
[Result "1/2-1/2"]
[WhiteElo "2777"]
[BlackElo "2751"]
[EventDate "2025.01.18"]

1. e4 e5 2. Nf3 Nc6 3. Bc4 Nf6 4. d3 Be7 5. O-O O-O 6. Nbd2 d5 7. exd5 Nxd5
8. Re1 f6 9. d4 Bg4 10. Nb3 Kh8 11. h3 Bh5 12. c3 exd4 13. Nbxd4 Nxd4 14.
Qxd4 Bxf3 15. gxf3 Nb6 16. Qxd8 Rfxd8 17. Rxe7 Nxc4 18. Bf4 Nxb2 19. Rb1
Rd1+ 20. Rxd1 Nxd1 21. Rxc7 b6 22. Kf1 Re8 23. Bd2 h5 24. Rxa7 Rd8 25. Be1
Nb2 26. Rb7 Nc4 27. Rc7 Ne5 28. Ke2 Re8 29. Bd2 Nc4+ 30. Be3 Nxe3 1/2-1/2

[Event "Tata Steel 2025"]
[Site "Wijk aan Zee"]
[Date "31.01.2025"]
[Round "11"]
[White "Caruana, Fabiano"]
[Black "Praggnanandhaa, Rameshbabu"]
[Result "0-1"]
[WhiteElo "2803"]
[BlackElo "2741"]
[EventDate "2025.01.18"]

1. c4 e6 2. Nc3 d5 3. d4 Nf6 4. cxd5 exd5 5. Bg5 c6 6. e3 Bd6 7. Bd3 O-O 8.
Nge2 Re8 9. h3 Nbd7 10. Qc2 Nf8 11. O-O-O b5 12. Kb1 a5 13. f3 Be7 14. Bxf6
Bxf6 15. e4 a4 16. a3 b4 17. axb4 a3 18. b3 Qb6 19. Ka2 dxe4 20. fxe4 Bxd4
21. Nxd4 Qxd4 22. b5 Bd7 23. Bc4 Qa7 24. bxc6 Bxc6 25. Rhf1 Re7 26. Nd5 Rb7
27. Rf5 Rc8 28. Qd3 Ne6 29. Rdf1 Be8 30. R5f2 Qb8 31. Rc2 Nc5 32. Qe3 Nxb3
33. Rb1 Ba4 34. Bd3 Nc5 35. Ne7+ Kh8 36. Rxb7 Qxb7 37. Ba6 Qxe7 0-1

[Event "Tata Steel 2025"]
[Site "Wijk aan Zee"]
[Date "31.01.2025"]
[Round "11"]
[White "Van Foreest, Jorden"]
[Black "Erigaisi, Arjun"]
[Result "1/2-1/2"]
[WhiteElo "2680"]
[BlackElo "2801"]
[EventDate "2025.01.18"]

1. d4 Nf6 2. c4 e6 3. Nc3 Bb4 4. a3 Bxc3+ 5. bxc3 Nc6 6. f3 b6 7. e4 Na5 8.
c5 bxc5 9. Qa4 Nc6 10. Bb5 cxd4 11. Bxc6 dxc6 12. cxd4 Qd7 13. Ne2 c5 14.
Qc4 cxd4 15. Nxd4 Ba6 16. Qxa6 Qxd4 17. Qc6+ Ke7 18. Qxc7+ Nd7 19. Bg5+ f6
20. Rd1 Rhc8 21. Qg3 Qb6 22. Bf4 g6 23. Qf2 Qxf2+ 24. Kxf2 e5 25. Be3 Rc2+
26. Rd2 Rac8 27. Rhd1 Nb6 28. Bxb6 axb6 29. Ke2 R8c3 30. a4 Rxd2+ 31. Rxd2
Ra3 32. Rb2 1/2-1/2

[Event "Tata Steel 2025"]
[Site "Wijk aan Zee"]
[Date "01.02.2025"]
[Round "12"]
[White "Harikrishna, Pentala"]
[Black "Keymer, Vincent"]
[Result "1/2-1/2"]
[WhiteElo "2695"]
[BlackElo "2733"]
[EventDate "2025.01.18"]

1. d4 Nf6 2. c4 e6 3. g3 Bb4+ 4. Nd2 O-O 5. Bg2 a5 6. Ngf3 d6 7. O-O a4 8.
Qc2 Nc6 9. Ne4 Nxe4 10. Qxe4 Qe7 11. a3 Ba5 12. Qc2 Bd7 13. d5 exd5 14.
cxd5 Ne5 15. Bd2 Nxf3+ 16. Bxf3 Rfc8 17. Rac1 Ra6 18. Rfd1 Qf6 19. Bc3 Bxc3
20. Qxc3 Qxc3 21. Rxc3 Rb6 22. Rd2 Kf8 23. e4 Ke7 24. Bd1 Ra6 25. h3 f6 26.
Rd4 Rb6 27. Rd2 Kd8 28. Kg2 Ra8 29. Be2 Ra5 30. f4 Bb5 31. Bg4 Be8 32. Be2
Bb5 1/2-1/2

[Event "Tata Steel 2025"]
[Site "Wijk aan Zee"]
[Date "01.02.2025"]
[Round "12"]
[White "Wei Yi"]
[Black "Giri, Anish"]
[Result "1/2-1/2"]
[WhiteElo "2751"]
[BlackElo "2731"]
[EventDate "2025.01.18"]

1. e4 e5 2. Nf3 Nf6 3. Nxe5 d6 4. Nf3 Nxe4 5. d4 d5 6. Bd3 Bd6 7. O-O O-O
8. Re1 Bf5 9. Nc3 Nxc3 10. bxc3 Bxd3 11. cxd3 Nc6 12. c4 Bb4 13. Bd2 Bxd2
14. Qxd2 Qf6 15. cxd5 Nxd4 16. Nxd4 Qxd4 17. Rac1 Rac8 18. Re7 Qxd5 19.
Rcxc7 Rxc7 20. Rxc7 h6 21. h3 Rd8 22. Qe3 Qxd3 23. Rxb7 Qxe3 24. fxe3 Rd1+
25. Kh2 Rd3 26. Rxa7 Rxe3 27. Ra8+ Kh7 28. Ra7 f5 29. Ra6 f4 30. Ra4 g5 31.
Ra7+ Kg6 32. Ra6+ Kh5 33. a4 Re2 34. Rf6 Ra2 35. a5 Rxa5 36. g4+ fxg3+ 37.
Kxg3 Ra3+ 38. Kg2 1/2-1/2

[Event "Tata Steel 2025"]
[Site "Wijk aan Zee"]
[Date "01.02.2025"]
[Round "12"]
[White "Praggnanandhaa, Rameshbabu"]
[Black "Sarana, Alexey"]
[Result "1-0"]
[WhiteElo "2741"]
[BlackElo "2677"]
[EventDate "2025.01.18"]

1. d4 Nf6 2. c4 e6 3. Nc3 d5 4. cxd5 exd5 5. Bg5 c6 6. Qc2 Be6 7. e3 Nbd7
8. Be2 Bd6 9. Bd3 h6 10. Bh4 g5 11. Bg3 Bxg3 12. hxg3 Qe7 13. Nf3 g4 14.
Nh4 Nb6 15. O-O O-O-O 16. a4 Kb8 17. a5 Nc4 18. Na4 Nd6 19. Nc5 a6 20. Rfc1
Bc8 21. Qb3 Nb5 22. Nxa6+ bxa6 23. Rxc6 Rd7 24. Nf5 Qd8 25. Bxb5 axb5 26.
a6 Ra7 27. Qxb5+ Ka8 28. Nd6 Bd7 29. Qb7+ 1-0

[Event "Tata Steel 2025"]
[Site "Wijk aan Zee"]
[Date "01.02.2025"]
[Round "12"]
[White "Van Foreest, Jorden"]
[Black "Gukesh, Dommaraju"]
[Result "1/2-1/2"]
[WhiteElo "2680"]
[BlackElo "2777"]
[EventDate "2025.01.18"]

1. d4 d5 2. c4 e6 3. Nc3 Be7 4. cxd5 exd5 5. Bf4 c6 6. e3 Bf5 7. Nge2 Nd7
8. Rc1 Ngf6 9. Ng3 Bg6 10. h4 h5 11. Be2 Qb6 12. Qd2 Ng4 13. Bg5 Bd6 14.
Bf4 Be7 15. Bg5 Qd8 16. f3 Ngf6 17. O-O Nh7 18. Bxe7 Qxe7 19. f4 Qxh4 20.
Qe1 f5 21. Nxh5 Qe7 22. Bf3 Bxh5 23. Bxh5+ Kf8 24. Nd1 Nb6 25. Bg6 Qe6 26.
Qb4+ Kg8 27. Bxh7+ Rxh7 28. Rf3 Re8 29. Nf2 Nc4 30. Nd3 Rh4 31. Ne5 b5 32.
Qc5 Qh6 33. Kf2 Re6 34. Rxc4 dxc4 35. Qxa7 Qf6 36. Rg3 Rh1 37. Nd7 Qd8 38.
Ne5 Re7 39. Qa6 Rxe5 40. fxe5 f4 41. Rh3 fxe3+ 42. Ke2 Rb1 43. Qxc6 Rxb2+
44. Kf3 Qf8+ 45. Ke4 Rf2 46. Qe6+ Rf7 47. Rxe3 Qa8+ 48. d5 Qxa2 49. Qc8+
Rf8 50. Qe6+ Rf7 51. Qc8+ 1/2-1/2

[Event "Tata Steel 2025"]
[Site "Wijk aan Zee"]
[Date "01.02.2025"]
[Round "12"]
[White "Erigaisi, Arjun"]
[Black "Abdusattorov, Nodirbek"]
[Result "1-0"]
[WhiteElo "2801"]
[BlackElo "2768"]
[EventDate "2025.01.18"]

1. d4 Nf6 2. c4 e6 3. Nc3 Bb4 4. Qc2 d6 5. e3 O-O 6. Bd3 c5 7. Nf3 Nc6 8.
O-O Bxc3 9. Qxc3 Qe7 10. dxc5 dxc5 11. Ne5 Nxe5 12. Qxe5 Rd8 13. Bc2 Ng4
14. Qg3 e5 15. f3 Nf6 16. b3 Nh5 17. Qf2 Bd7 18. Bb2 Bc6 19. Rad1 h6 20. h3
Nf6 21. Qg3 Rxd1 22. Rxd1 Re8 23. a4 Nh5 24. Qf2 Qg5 25. g4 f5 26. h4 Qg6
27. Bxf5 Qf7 28. Rd6 Nf6 29. g5 hxg5 30. hxg5 Nh5 31. Bg4 Qe7 32. Rxc6 bxc6
33. Bxh5 Qxg5+ 34. Bg4 e4 35. Kf1 Qg6 36. Qc2 Rf8 37. Qg2 exf3 38. Be6+ Kh7
39. Qh3+ Qh6 40. Kf2 Rb8 41. Bf5+ g6 42. Bxg6+ Kxg6 43. Qe6+ Kh5 44. Bf6
Qh7 45. Qe5+ Kg6 46. Qxb8 1-0

[Event "Tata Steel 2025"]
[Site "Wijk aan Zee"]
[Date "01.02.2025"]
[Round "12"]
[White "Warmerdam, Max"]
[Black "Fedoseev, Vladimir"]
[Result "0-1"]
[WhiteElo "2646"]
[BlackElo "2717"]
[EventDate "2025.01.18"]

1. c4 e5 2. g3 d5 3. cxd5 Qxd5 4. Nf3 Nc6 5. d3 Nf6 6. Bg2 Be7 7. Nc3 Qd6
8. Bg5 Nd4 9. Nd2 c6 10. O-O O-O 11. Nc4 Qc7 12. e3 Nb5 13. Bxf6 Bxf6 14.
Ne4 Be7 15. a4 Nd6 16. Nexd6 Bxd6 17. a5 Rd8 18. Qc2 a6 19. Nb6 Rb8 20.
Nxc8 Rbxc8 21. Ra4 Be7 22. Rd1 Rd6 23. Qb3 Rcd8 24. h4 g6 25. Bf3 h5 26.
Kg2 Kg7 27. Qc3 Bf6 28. Qc2 Qd7 29. Rb4 Be7 30. Qb3 Rf6 31. Rxb7 Qf5 32.
Be4 Qxf2+ 33. Kh3 g5 0-1